<?xml version="1.0" encoding="UTF-8"?>
<collection xmlns="http://www.loc.gov/MARC21/slim">
  <record>
    <leader>00000nam  2200000   4500</leader>
    <controlfield tag="001">INLIS000000000018279</controlfield>
    <controlfield tag="005">20240923030700</controlfield>
    <datafield tag="035" ind1="#" ind2="#">
      <subfield code="a">0010-0924000108</subfield>
    </datafield>
    <controlfield tag="007">ta</controlfield>
    <controlfield tag="008">240923###########################0######</controlfield>
    <datafield tag="245" ind1="#" ind2="#">
      <subfield code="a">SPRIMON :</subfield>
      <subfield code="b">Sistem Peringatan Dini Monitoring Pengadaan Barang dan Jasa /</subfield>
      <subfield code="c">Henrikus Marianus N. Lina</subfield>
    </datafield>
    <datafield tag="260" ind1="#" ind2="#">
      <subfield code="a">Makassar :</subfield>
      <subfield code="b">Puslatbang KMP LAN RI Makassar,</subfield>
      <subfield code="c">2023</subfield>
    </datafield>
    <datafield tag="300" ind1="#" ind2="#">
      <subfield code="a">51 ;</subfield>
      <subfield code="c">30</subfield>
    </datafield>
    <datafield tag="650" ind1="#" ind2="4">
      <subfield code="a">Pembinaan terkait pengadaan barang dan jasa</subfield>
    </datafield>
    <datafield tag="700" ind1=" " ind2="#">
      <subfield code="a">Kepas Kalasuat, S.Pd., M.Pd (Mentor)</subfield>
    </datafield>
    <datafield tag="700" ind1=" " ind2="#">
      <subfield code="a">Ahmad Sukarno Syahrir, S.IP., M.Adm., SDA (Coach)</subfield>
    </datafield>
    <datafield tag="520" ind1="#" ind2="#">
      <subfield code="a">Bagian Pengadaan Barang dan Jasa merupakan salah satu Bagian dari Sekretariat Daerah Kabupaten Sorong yang bertugas untuk mengelola progres pelaksanaan pengadaan di Pemerintah Kabupaten Sorong, selain itu juga melakukan pembinaan terkait dengan proses pengadaan barang dan jasa. Ketepatan, keakuratan dan kecepatan informasi dari capaian pengadaan, pemanfaatan sistem dan pengadaan tepat waktu itu sangat bermanfaat bagi tercapainya tujuan pengadaan serta manfaat untuk peningkatan nilai RB melalui peningkatan nilai Indeks Tata Kelola Pengadaan (ITKP) pada indikator pemanfaatan sistem pengadaan yang telah ditetapkan oleh LKPP minimal capaian baik. Ketidak tertiban dalam pencatatan progress pengadaan akan mempengaruhi nilai capaian ITKP tersebut.&#13;
Sistem Peringatan Dini monitoring pengadaan adalah aplikasi yang mengintegrasikan database yang ada pada beberapa aplikasi yang dibangun oleh LKPP kedalam sistem Peringatan Dini monitoring pengadaan Pemerintal Kabupaten Sorong. Pada aplikasi peringatan dini tersebut terdapat informasl terkait dengan capaian pengaadaan, pengadaan dilakukan tepat waktu serta pemanfaatan sistem pengadaan. Informasi capaian tersebut akan diberikan tanda warna yang merupakan tanda Peringatan kepada setiap Organisasi Perangkal Daerah, dimana jika Organisasi Perangkat Daerah tersebut capaiannya masih rendah akan memunculkan warna terntentu.&#13;
Sistem ini sangat membantu sekali yang tadinya dalam pelaksanaan monitoring dilakukan secara manual, dengan sistem ini dapat dilakukan secara elektronik dengan mengintegrasikan database yang ada pada LKPP</subfield>
    </datafield>
    <datafield tag="856" ind1="#" ind2="#">
      <subfield code="a">Puslatbang KMP LAN RI Makassar</subfield>
    </datafield>
  </record>
</collection>
